20 Longest WWE Title Reigns in Pro Wrestling History - Statistics

General Stats
  • This quiz has been taken 139 times
  • The average score is 14 of 20
Answer Stats
Rank Champion Days Held % Correct
4 Roman Reigns 1,316 Days
96%
3 Hulk Hogan 1,474 Days
95%
11 Hulk Hogan 364 Days
95%
18-19 Hulk Hogan 248 Days
95%
8 John Cena 380 Days
93%
15-17 John Cena 280 Days
93%
7 CM Punk 434 Days
88%
1 Bruno Sammartino 2,803 Days
87%
5 Bruno Sammartino 1,237 Days
87%
20 Shawn Michaels 231 Days
75%
2 Bob Backlund 2,135 Days
74%
10 Randy Savage 371 Days
71%
19 Bret Hart 248 Days
67%
12 Diesel 358 Days
57%
14 The Ultimate Warrior 293 Days
55%
6 Pedro Morales 1,027 Days
54%
9-10 AJ Styles 371 Days
51%
17 Yokozuna 280 Days
46%
16 JBL 280 Days
45%
13 Superstar Billy Graham 296 Days
8%
No matching quizzes found
Score Distribution
Percent of People with Each Score
Percentile by Number Answered
Your Score History
You have not taken this quiz